Southville International School and Colleges
Your cart is empty.
  • Cart
  • Lists
    Public lists Eva Luna New books Lux_list list_1
    Your lists Log in to create your own lists
  • Log in to your account
  • Your cookies
  • Search history
Southville International School and Colleges
  • Advanced search
  • Recent comments
  • Most popular
  • Libraries

Log in to your account

Log in with GOOGLE


If you do not have an external account, but do have a local account, you can still log in:

  1. Home
  2. MARC view: The renaissance :
Normal view MARC view ISBD view

The renaissance : (Record no. 10116)

[ view plain ]
MARC details
000 -LEADER
fixed length control field 00581nam a22001937a 4500
003 - CONTROL NUMBER IDENTIFIER
control field OSt
005 - DATE AND TIME OF LATEST TRANSACTION
control field 20151116124010.0
008 - FIXED-LENGTH DATA ELEMENTS--GENERAL INFORMATION
fixed length control field 130831t xxu||||| |||| 00| 0 eng d
020 ## - INTERNATIONAL STANDARD BOOK NUMBER
International Standard Book Number 9780393096811
050 ## - LIBRARY OF CONGRESS CALL NUMBER
Classification number ML 160
Item number .St927 1950
082 ## - DEWEY DECIMAL CLASSIFICATION NUMBER
Classification number HS 780.9
Item number .St8 1965
100 ## - MAIN ENTRY--PERSONAL NAME
Personal name Strunk, W. Oliver
9 (RLIN) 16010
245 ## - TITLE STATEMENT
Title The renaissance :
Remainder of title Source readings in music history
Statement of responsibility, etc Oliver Strunk.
260 ## - PUBLICATION, DISTRIBUTION, ETC. (IMPRINT)
Place of publication, distribution, etc New York :
Name of publisher, distributor, etc Norton,
Date of publication, distribution, etc c1950.
300 ## - PHYSICAL DESCRIPTION
Extent xiv,175 p. :
Dimensions 20 cm.
650 ## - SUBJECT ADDED ENTRY--TOPICAL TERM
Topical term or geographic name as entry element Music.
General subdivision History and criticism.
-- Sources.
9 (RLIN) 16011
942 ## - ADDED ENTRY ELEMENTS (KOHA)
Source of classification or shelving scheme Library of Congress Classification
Koha item type Books
Holdings
Withdrawn status Lost status Source of classification or shelving scheme Damaged status Home library Current library Shelving location Date acquired Total Checkouts Full call number Barcode Date last seen Copy number Price effective from Koha item type
    Library of Congress Classification   Luxembourg Library Luxembourg Library High School Section 08/31/2013   ML 160 .St927 1950 9765 08/31/2013 1 08/31/2013 Books

The renaissance :

APA

Strunk W. O., . (1950). The renaissance. New York: Norton.

Chicago

Strunk W Oliver, . 1950. The renaissance. New York: Norton.

Harvard

Strunk W. O., . (1950). The renaissance. New York: Norton.

MLA

Strunk W Oliver, . The renaissance. New York: Norton. 1950.

  • Place hold
  • Print
  • Cite
  • Add to your cart (remove)
  • Save record
    BIBTEX Dublin Core MARCXML MARC (non-Unicode/MARC-8) MARC (Unicode/UTF-8) MARC (Unicode/UTF-8, Standard) MODS (XML) RIS
  • More searches
    Search for this title in:
    Other Libraries (WorldCat) Other Databases (Google Scholar) Online Stores (Bookfinder.com) Open Library (openlibrary.org)

Exporting to Dublin Core...

SOUTHVILLE LIBRARY

Southville International School and Colleges Library

1281 Tropical Ave. Cor. Luxembourg St., BF Homes International, Las Pinas City

Tel. No. 8256374 / 252358 Loc. 117/146

Powered by Koha